00709cam a2200181 a 450000100100000000500170001000800410002704000250006808200200009310000340011324500650014726000860021230000210029865000330031965000370035295201230038999900150051200000312120200929150333.0760218s1975 pr 001 f spa  aDO-SdBNPbspacBNPHU aPR863.44bD542n1 aDíaz Montero, Anibal.9983310aNico el pinche :bestampas jibaras /cAnibal Díaz Montero. aSan Juan, Puerto Rico :b[Talleres Gráficos de Manuel Pareja Montaña],c1975. a123 p. ;c22 cm. 4aNovela puertoriqueña99113 4aLiteratura puertoriqueña96540 001052708MOaGRbGRcCTd2009-07-06iLF1l0oPR863.44 D542np3121-10r2020-06-25w2020-06-25y2ZPréstamo interno c2952d2952